Seminár o drevospracujúcich strojoch LIGNOMAŠ 88

Bibliographic Details
Format: Article
Language:Slovak
Subjects:

MARC

LEADER 00000nab a2200000 a 4500
001 vtls000336384
003 SK-MaSNL
005 20260302224545.0
008 140328c1988 xo 0 slo
015 |a SNBRB19rr/mm-uuuuu 
035 |a CL0336506 
040 |a SNKBUCL  |b slo  |c SNKBUCL  |e AACR2 
041 0 |a slo 
044 |a xo  |c SK 
080 |a 674.05-1/-9:061.3  |2 1981 
080 |a 061.3  |2 1981 
245 0 0 |a Seminár o drevospracujúcich strojoch LIGNOMAŠ 88 
650 0 7 |a drevospracujúce stroje  |2 snkbucl  |9 131871 
655 7 |a články z novín a časopisov  |2 snkbucl  |9 267496 
773 0 |t Drevo  |g Roč. 43, č. 10 (1988), s. 305-306 
850 |a Slovenská národná knižnica v Martine  |a MTA001 
852 |a SNK  |b KIS3GCP 
957 |a 5100 
958 |a RK 
992 |a RBX 
999 |c 1524913  |d 1526843